Indian National Science Academy's Inspirational Journey in 75 years (Record no. 204819)

MARC details
000 -LEADER
fixed length control field 00727nam a22002057a 4500
005 - DATE AND TIME OF LATEST TRANSACTION
control field 20240805140537.0
008 - FIXED-LENGTH DATA ELEMENTS--GENERAL INFORMATION
fixed length control field 090826t xxu||||| |||| 00| 0 eng d
010 ## - LCCN (DPL NO)
LC control number ENG-141217
020 ## - INTERNATIONAL STANDARD BOOK NUMBER
Terms of availability 3000.00
035 ## - SYSTEM CONTROL NUMBER
System control number EN-124749
040 ## - CATALOGING SOURCE
Language of cataloging English
082 ## - DEWEY DECIMAL CLASSIFICATION NUMBER
Classification number 505
100 ## - MAIN ENTRY--PERSONAL NAME
9 (RLIN) 36944
Personal name Sahni .K.S
245 ## - TITLE STATEMENT
Title Indian National Science Academy's Inspirational Journey in 75 years
Statement of responsibility, etc S.K Sahni and P.N Tandon
260 ## - PUBLICATION, DISTRIBUTION, ETC. (IMPRINT)
Name of publisher, distributor, etc Indian National Science Academy
Place of publication, distribution, etc New delhi
Date of publication, distribution, etc 2017
270 ## - ADDRESS
Address Bahadur Shah Zafar Marg,
City New delhi
Postal code 110002
300 ## - PHYSICAL DESCRIPTION
Extent 299p.
Dimensions 29cm.(Hb)
700 ## - ADDED ENTRY--PERSONAL NAME
Personal name P.N Tandon
9 (RLIN) 69463
942 ## - ADDED ENTRY ELEMENTS (KOHA)
Source of classification or shelving scheme Dewey Decimal Classification
Item type English Books
Call number suffix Sah
Classification part 505
Holdings
Withdrawn status Lost status Source of classification or shelving scheme Damaged status Not for loan Collection code Home library Current library Date acquired Source of acquisition Cost, normal purchase price Total Checkouts Full call number Barcode Date last seen Copy number Cost, replacement price Koha item type
    Dewey Decimal Classification   Not For Loan Non-fiction Central Library Central Library 05/08/2024 DBAD 3000.00   SAH 505 EN-124749 05/08/2024 1 3000.00 English Books

© Delhi Public Library
Hit Counter
free hit counter